Catálogo

TIPOGRAFIA DECORATIVA (Registro nro. 12775)

Detalles MARC
000 -LEADER
fixed length control field 00526nam a2200205 a 4500
001 - CONTROL NUMBER
control field 12775
005 - DATE AND TIME OF LATEST TRANSACTION
control field 20180713201056.0
008 - FIXED-LENGTH DATA ELEMENTS--GENERAL INFORMATION
fixed length control field 140415s1994 sp 000 0 spa d
020 ## - INTERNATIONAL STANDARD BOOK NUMBER
International Standard Book Number 9688872563
041 ## - LANGUAGE CODE
Language code of text/sound track or separate title spa
082 ## - DEWEY DECIMAL CLASSIFICATION NUMBER
Classification number 686.22
Item number GOR
100 1# - MAIN ENTRY--PERSONAL NAME
Personal name GORDON, MAGGIE
245 10 - TITLE STATEMENT
Title TIPOGRAFIA DECORATIVA
250 ## - EDITION STATEMENT
Edition statement 1a ed.
260 ## - PUBLICATION, DISTRIBUTION, ETC.
Place of publication, distribution, etc. ESPAÑA :
Name of publisher, distributor, etc. G. GILI,
Date of publication, distribution, etc. 1994
300 ## - PHYSICAL DESCRIPTION
Extent 143
490 ## - SERIES STATEMENT
Series statement MANUALES DE DISEÑO
650 14 - SUBJECT ADDED ENTRY--TOPICAL TERM
Topical term or geographic name entry element DECORACION DE LIBROS
General subdivision IMPRENTA
700 1# - ADDED ENTRY--PERSONAL NAME
Personal name DODD, EUGENIE
Relator term coaut.
Existencias
Withdrawn status Lost status Source of classification or shelving scheme Damaged status Not for loan Collection code Home library Current library Shelving location Date acquired Source of acquisition Inventory number Total Checkouts Full call number Barcode Date last seen Price effective from Koha item type Date last checked out
    Dewey Decimal Classification     General Biblioteca Karol Wojtyla Biblioteca Karol Wojtyla Sala general 03/12/2013 Compra 151000000000000000028929   686.22 GOR 40200 05/01/2026 03/12/2013 Libro  
    Dewey Decimal Classification     General Biblioteca Karol Wojtyla Biblioteca Karol Wojtyla Sala general 03/12/2013 Compra 151000000000000000028927   686.22 GOR 29385 05/01/2026 03/12/2013 Libro  
    Dewey Decimal Classification     General Biblioteca Karol Wojtyla Biblioteca Karol Wojtyla Sala general 03/12/2013 Compra 151000000000000000028930 1 686.22 GOR 41908 05/01/2026 03/12/2013 Libro 30/08/2019
  Extraviado Dewey Decimal Classification       Biblioteca Karol Wojtyla Biblioteca Karol Wojtyla   03/12/2013 Compra     686.22 GOR 29386   03/12/2013 Libro  
    Dewey Decimal Classification     General Biblioteca Karol Wojtyla Biblioteca Karol Wojtyla Sala general 03/12/2013 Compra 151000000000000000028928   686.22 GOR 31773 05/01/2026 03/12/2013 Libro 20/10/2015